Statistics for Sense8

Click here to take the quiz!

General Stats

  • This quiz has been taken 184 times
  • The average score is 7 of 8

Answer Stats

HintAnswer% Correct
KoreaSun
96%
GermanyWolfgang
96%
MexicoLito
92%
USANomi
91%
USAWill
91%
IndiaKala
90%
UK/IcelandRiley
87%
KenyaCapheus
81%

Score Distribution

Percentile by Number Answered

Percent of People with Each Score

Your Score History

You have not taken this quiz